Time-saver standards for interior design and space planning / (Record no. 60806)
[ view plain ]
| 000 -LEADER | |
|---|---|
| fixed length control field | 01645nam a22003497a 4500 |
| 005 - DATE AND TIME OF LATEST TRANSACTION | |
| control field | 20120112152741.0 |
| 008 - FIXED-LENGTH DATA ELEMENTS--GENERAL INFORMATION | |
| fixed length control field | 120112t xxu||||| |||| 00| 0 eng d |
| 010 ## - LCCN (DPL NO) | |
| LC control number | ENG-104709 |
| 020 ## - INTERNATIONAL STANDARD BOOK NUMBER | |
| International Standard Book Number | 9781259004094 |
| Terms of availability | 3495.00 |
| 020 ## - INTERNATIONAL STANDARD BOOK NUMBER | |
| International Standard Book Number | 1259004090 |
| Terms of availability | 3495.00 |
| 035 ## - SYSTEM CONTROL NUMBER | |
| System control number | EN-88242 |
| 037 ## - SOURCE OF ACQUISITION | |
| Source of stock number/acquisition | DBAD/PUB |
| 040 ## - CATALOGING SOURCE | |
| Original cataloging agency | DPL |
| Language of cataloging | Eng |
| 082 00 - DEWEY DECIMAL CLASSIFICATION NUMBER | |
| Classification number | 729 |
| Edition number | 21 |
| 245 00 - TITLE STATEMENT | |
| Title | Time-saver standards for interior design and space planning / |
| Statement of responsibility, etc | edited by Joseph De Chiara, Julius Panero [and] Martin Zelnik |
| 250 ## - EDITION STATEMENT | |
| Edition statement | 2nd ed |
| 260 ## - PUBLICATION, DISTRIBUTION, ETC. (IMPRINT) | |
| Place of publication, distribution, etc | New Delhi |
| Name of publisher, distributor, etc | Tata McGraw-Hill |
| Date of publication, distribution, etc | 2011 |
| 270 ## - ADDRESS | |
| Address | 7 West Patel Nagar |
| City | New Delhi |
| Postal code | 110001 |
| 300 ## - PHYSICAL DESCRIPTION | |
| Extent | xix, 1689 p., [16] p. of plates : |
| Other physical details | ill. (some col.) |
| Dimensions | 29cm(Hb) |
| 500 ## - GENERAL NOTE | |
| General note | Includes index |
| 650 #0 - SUBJECT ADDED ENTRY--TOPICAL TERM | |
| Topical term or geographic name as entry element | Interior decoration |
| General subdivision | Standards |
| Form subdivision | Handbooks, manuals, etc. |
| 9 (RLIN) | 39093 |
| 650 #0 - SUBJECT ADDED ENTRY--TOPICAL TERM | |
| Topical term or geographic name as entry element | Interior architecture |
| General subdivision | Standards |
| Form subdivision | Handbooks, manuals, etc. |
| 9 (RLIN) | 39094 |
| 700 1# - ADDED ENTRY--PERSONAL NAME | |
| Personal name | De Chiara, Joseph, |
| Dates associated with a name | 1929- |
| 9 (RLIN) | 39095 |
| 700 1# - ADDED ENTRY--PERSONAL NAME | |
| Personal name | Panero, Julius. |
| 9 (RLIN) | 39096 |
| 700 1# - ADDED ENTRY--PERSONAL NAME | |
| Personal name | Zelnik, Martin, |
| Dates associated with a name | 1939- |
| 9 (RLIN) | 39097 |
| 856 42 - ELECTRONIC LOCATION AND ACCESS | |
| Materials specified | Contributor biographical information |
| Uniform Resource Identifier | <a href="http://www.loc.gov/catdir/bios/mh041/2001030504.html">http://www.loc.gov/catdir/bios/mh041/2001030504.html</a> |
| 856 42 - ELECTRONIC LOCATION AND ACCESS | |
| Materials specified | Publisher description |
| Uniform Resource Identifier | <a href="http://www.loc.gov/catdir/description/mh021/2001030504.html">http://www.loc.gov/catdir/description/mh021/2001030504.html</a> |
| 856 41 - ELECTRONIC LOCATION AND ACCESS | |
| Materials specified | Table of contents |
| Uniform Resource Identifier | <a href="http://www.loc.gov/catdir/toc/mh021/2001030504.html">http://www.loc.gov/catdir/toc/mh021/2001030504.html</a> |
| 942 ## - ADDED ENTRY ELEMENTS (KOHA) | |
| Source of classification or shelving scheme | Dewey Decimal Classification |
| Item type | English Books |
| Classification part | 729 |
| Call number suffix | TIM |
| Withdrawn status | Lost status | Source of classification or shelving scheme | Damaged status | Not for loan | Collection code | Home library | Current library | Date acquired | Source of acquisition | Cost, normal purchase price | Total Checkouts | Full call number | Barcode | Date last seen | Copy number | Cost, replacement price | Koha item type |
|---|---|---|---|---|---|---|---|---|---|---|---|---|---|---|---|---|---|
| Dewey Decimal Classification | Not For Loan | Non-fiction | D.B.Act.Division | D.B.Act.Division | 12/01/2012 | DBAD/PUB | 3495.00 | 729 TIM | EN-88242 | 12/01/2012 | 1 | 3495.00 | English Books |
